Follow Every Rainbow (Record no. 354128)
[ view plain ]
| 000 -LEADER | |
|---|---|
| fixed length control field | 00346nam a2200145Ia 4500 |
| 008 - FIXED-LENGTH DATA ELEMENTS--GENERAL INFORMATION | |
| fixed length control field | 230719s9999 xx 000 0 und d |
| 041 ## - LANGUAGE CODE | |
| Language code of text/sound track or separate title | eng |
| 082 ## - DEWEY DECIMAL CLASSIFICATION NUMBER | |
| Classification number | 338.6'42'954 |
| Item number | BAN |
| 100 ## - MAIN ENTRY--PERSONAL NAME | |
| Personal name | Bansal R. |
| 9 (RLIN) | 106283 |
| 245 ## - TITLE STATEMENT | |
| Title | Follow Every Rainbow |
| 260 ## - PUBLICATION, DISTRIBUTION, ETC. (IMPRINT) | |
| Name of publisher, distributor, etc. | Westland Ltd. |
| 300 ## - PHYSICAL DESCRIPTION | |
| Extent | 361 |
| 365 ## - TRADE PRICE | |
| Currency code | Rs. |
| Price amount | 87.00 |
| 700 ## - ADDED ENTRY--PERSONAL NAME | |
| Personal name | Bansal R. |
| 9 (RLIN) | 106283 |
| Withdrawn status | Lost status | Damaged status | Not for loan | Home library | Current library | Shelving location | Date acquired | Vendor | Cost, normal purchase price | Full call number | Barcode | Date last seen | Cost, replacement price | Bill Date | Koha item type | Original Barcode |
|---|---|---|---|---|---|---|---|---|---|---|---|---|---|---|---|---|
| Cummins College of Engineering for Women Pune | Cummins College of Engineering for Women Pune | Donated Book | 17/04/2013 | Masurkar Enterprises | 87.00 | 338.6'42'954 | CCEP-DB-333 | 19/07/2023 | 87.00 | 19/07/2023 | Books | D00333 |